003250000a22001090004500090001700000245007000017041001400087100003600101942001300137773004800150999001700198 aASbSeriadas10aCocodrilos () de la región neotropical0 aEspañol1 aRodríguez M., Miguel A.94319 cARTICULO1 tBiota Colombiana31061h2q135-140d2000g1 c15355d15355